Statistics for Taylor Swift Songs by Emojis

Click here to take the quiz!

General Stats

  • This quiz has been taken 1,279 times
  • The average score is 11 of 16

Answer Stats

EmojisAlbumSong% Correct
1989Bad Blood
97%
FearlessLove Story
89%
MidnightsLavender Haze
86%
FearlessWhite Horse
86%
1989Welcome To New York
85%
MidnightsMidnight Rain
83%
FolkloreMirrorball
81%
LoverPaper Rings
79%
Taylor SwiftPicture To Burn
79%
MidnightsSnow On The Beach
78%
EvermoreCowboy Like Me
69%
ReputationKing Of My Heart
61%
LoverCruel Summer
53%
MidnightsAnti-Hero
52%
Red (Taylor's Version)Message In A Bottle
14%
EvermoreGold Rush
13%

Score Distribution

Percentile by Number Answered

Percent of People with Each Score

Your Score History

You have not taken this quiz